Izar. (Record no. 185842)

MARC details
000 -LEADER
campo de control de longitud fija 00501nam a2200181 i 4500
001 - NÚMERO DE CONTROL
campo de control 185842
003 - IDENTIFICADOR DE NÚMERO DE CONTROL
campo de control ES-MaACL
005 - FECHA Y HORA DE LA ÚLTIMA TRANSACCIÓN
campo de control 20230906222529.0
008 - DATOS DE LONGITUD FIJA--INFORMACIÓN GENERAL
campo de control de longitud fija 160816s1963 sp |||| | baq d
245 00 - MENCIÓN DEL TÍTULO
Título Izar.
260 ## - PUBLICACIÓN, DISTRIBUCIÓN, ETC.
Lugar de publicación, distribución, etc. Bilbao :
Nombre del editor, distribuidor, etc. [s.n.],
Fecha de publicación, distribución, etc. 1963 (
Fabricante Graf. Bilbao)
300 ## - DESCRIPCIÓN FÍSICA
Extensión 162 p. ;
Dimensiones 18 cm.
490 1# - MENCIÓN DE SERIE
Mención de serie Colección Olerti, 1963 ;
Designación de volumen o secuencia 1-2
650 #4 - PUNTO DE ACCESO ADICIONAL DE MATERIA--TÉRMINO DE MATERIA
Término de materia o nombre geográfico como elemento de entrada Poesías vascas.
9 (RLIN) 160489
830 0# - PUNTO DE ACCESO ADICIONAL DE SERIE-TÍTULO UNIFORME
Título uniforme Colección Olerti, 1963 ;
Designación de volumen o secuencia 1-2
9 (RLIN) 192414
852 ## - LOCALIZACIÓN
Ubicación ES-MaACL
Número de control de estantería E-5082
Holdings
Estatus retirado Estado de pérdida Estado de daño No para préstamo Biblioteca de origen Biblioteca actual Ubicación en estantería Fecha de adquisición Fuente de adquisición Total de préstamos Signatura topográfica completa Código de barras Visto por última vez Precio de reemplazo Tipo de ítem Koha
        Biblioteca del Ateneo de Madrid Biblioteca del Ateneo de Madrid Depósito 2 16/08/2016     E-5082 1195902 23/02/2023 23/02/2023 Libro impreso